Pays sans les lettres de "CHILI" - Statistiques

Statistiques générales
  • Ce quiz a été pris 36 fois
    10 depuis la dernière actualisation
  • Le résultat moyen est 23 sur 34
Statistiques - réponses
Continents Pays % Correct
Afrique Égypte
100%
Europe Espagne
86%
Amérique du Sud Guyana
86%
Europe Norvège
86%
Amérique du Sud Pérou
86%
Afrique Togo
86%
Europe Danemark
71%
Amérique du Sud Equateur
71%
Afrique Gabon
71%
Asie Japon
71%
Europe Kosovo
71%
Europe Montenegro
71%
Asie Oman
71%
Afrique Ouganda
71%
Amérique du Sud Paraguay
71%
Europe Pays-Bas
71%
Asie Qatar
71%
Afrique Rwanda
71%
Océanie Samoa
71%
Afrique Soudan
71%
Afrique Soudan du Sud
71%
Europe Suède
71%
Océanie Tonga
71%
Amérique du Sud Uruguay
71%
Océanie Vanuatu
71%
Europe Andorre
57%
Afrique Botswana
57%
Océanie Nauru
57%
Amérique du Nord Panama
57%
Asie Yemen
57%
Amérique du Nord Barbade
43%
Amérique du Nord Grenade
43%
Afrique Kenya
43%
Asie Myanmar
0%
Aucun quiz correspondant
Distribution des résultats
% des personnes avec chaque résultat
Percentile par nombre de réponses
Votre historique - résultats
Vous n’avez pas pris ce quiz depuis la dernière actualisation